000 01219nam a22003017a 4500
001 BD-DhSAU 8665
003 BD-DhSAU
005 20200107154137.0
008 150613b2019 bg a|||| m||| 00| 0 eng d
040 _aBD-DhSAU
082 _222
_a595.7
_bM5803
100 _a Miah , Mohammad Rubel
_4Registration No. 12- 04911
245 _aDamage potentiality and Eco-Friendly Management of Red Pumpkin Beetle and Cucurbit Fruit Fly on Squash vegetable /
_cMohammad Rubel Miah
_bMs Thesis
260 _aSher-e-Bangla Agricultural University :
_bDepartment of Entomology,
_c2019.
300 _ax, 96 p. :
_bill. ;
_c30 cm.
500 _aMS thesis of Department of Entomology, Faculty of Agriculture, Sher-e-Bangla Agricultural University, Dhaka, Bangladesh
504 _aIncludes bibliographical references.
590 _aShofi
650 _aEntomology
650 _a Eco - Friendly Management
650 _aRed Pumpkin Beetle
650 _aCucurbit Fruit Fly
650 _aSquash vegetable
700 _aAkter , Tahmina
_eSuperviser
700 _aAli , Md. Razzab
_eCo-superviser
856 _uhttp://archive.saulibrary.edu.bd:8080/xmlui/handle/123456789/3047
_yOnline Access
942 _2ddc
_cTHESIS
999 _c14905
_d14904